Air Warriors (Record no. 346404)

000 -LEADER
fixed length control field 00334 a2200145 4500
020 ## - INTERNATIONAL STANDARD BOOK NUMBER
International Standard Book Number 9690015222
082 ## - DEWEY DECIMAL CLASSIFICATION NUMBER
Classification number 358.40095491
090 ## - LOCALLY ASSIGNED LC-TYPE CALL NUMBER (OCLC); LOCAL CALL NUMBER (RLIN)
-- 3944
-- 3944
100 ## - MAIN ENTRY--PERSONAL NAME
Personal name Hussaini
245 ## - TITLE STATEMENT
Title Air Warriors
Statement of responsibility, etc. Hussaini
260 ## - PUBLICATION, DISTRIBUTION, ETC.
Place of publication, distribution, etc. Lahore
Name of publisher, distributor, etc. Ferozsons
Date of publication, distribution, etc. 1998
300 ## - PHYSICAL DESCRIPTION
Extent 108p
500 ## - GENERAL NOTE
General note Hard cover
942 ## - ADDED ENTRY ELEMENTS (KOHA)
Institution code [OBSOLETE] NBS
Koha item type Book
Call number prefix 358.40095491 HUS
Holdings
Withdrawn status Lost status Source of classification or shelving scheme Damaged status Not for loan Permanent Location Current Location Date acquired Total Checkouts Total Renewals Full call number Barcode Checked out Date last seen Date last checked out Price effective from Koha item type
          Central Library (CL) Central Library (CL) 08/28/2013 3 1 358.40095491 HUS NBS2004 08/26/2023 07/05/2023 07/05/2023 08/28/2013 Book
© 2023 Central Library, National University of Sciences and Technology. All Rights Reserved.